Vakuumbeschichtung 3

Gespeichert in:
Bibliographische Detailangaben
Format: Buch
Sprache:Deutsch
Veröffentlicht: Düsseldorf : VDI Verlag, 1994
Schlagworte:
Tags: Tag hinzufügen
Keine Tags, Fügen Sie das erste Tag hinzu!

MARC

LEADER 00000nam a22000003a 4500
001 stu44523
005 20150408180423.1
008 950412s1994----gw------------------ger-d
020 |a 3-18-401313-8 
040 |a STU  |b slo 
041 0 |a ger 
044 |a gw 
080 |a 621.793.1 
245 |a Vakuumbeschichtung 3 
260 |a Düsseldorf :  |b VDI Verlag,  |c 1994 
300 |a 368 s 
650 7 |a povlaky  |2 stusub 
650 7 |a vákuum  |2 stusub 
650 7 |a Nanášanie  |2 stusub 
650 7 |a Technológia vákuová  |2 stusub 
996 |b 284M025791  |c M*9056/3-1  |l MMKN  |s A  |a 24  |w stu44523_0001